01648cam a2200421 i 450000100090000000300040000900500170001300800410003001000170007102000180008802000150010602500270012103500240014803500210017203700530019304000400024604200210028604300120030705000230031908200240034210000350036624501220040126400420052330000510056533600210061633700250063733800230066250000480068550400510073365000500078465100320083465100570086665100410092390600450096494200540100995201460106399900170120917886370OSt20231204112251.0120731s2011 ii ab b 001 0 eng d a 2013319132 a9788125042020 a8125042024 aI-E-2013-319132; 68-91 a(OCoLC)ocn826121239 a(OCoLC)826121239 aLibrary of Congress -- New Delhi Overseas Office aQE2bengerdacQE2dOCLCOdCOOdDLC alccopycatalcode aa-ii---00aDS484.7b.S88 201104a325.34109548bSUT/O1 aSutton, Deboraheauthor.9998610aOther landscapes :bcolonialism and the predicament of authority in nineteenth-century South India /cDeborah Sutton. 1aNew Delhi :bOrient Blackswan,c2011. axvi, 239 pages :billustrations, maps ;c24 cm atext2rdacontent aunmediated2rdamedia avolume2rdacarrier aPreviously published by NIAS Press in 2009. aIncludes bibliographical references and index. 0aBritishzIndia, SouthxHistoryy19th century. 0aIndia, SouthxColonization. 0aIndia, SouthxPolitics and governmenty19th century. 0aIndia, SouthxHistoryy19th century. a7bcbcccopycatd3encipf20gy-gencatlg 2ddccBKh325.34109548iSUT/Ok325.34109548mSUT/O 00102ddc40708SOCIAL SCIENCEaMESbMEScHISd2023-12-04l0o325.34109548 SUT/Op44064r2023-12-04 11:23:32v895.00w2023-12-04yBKzGL42R1 c43881d43881